000 01738nam a2200385 a 4500
001 ebr10425035
003 CaPaEBR
006 m u
007 cr cn|||||||||
008 100216s2010 dcua sb 101 0 eng d
010 _z 2010922754
020 _z9781607505020 (softcover)
020 _z9781607505037 (e-book)
040 _aCaPaEBR
_cCaPaEBR
035 _a(OCoLC)694145226
050 1 4 _aRC88.9.T47
_bM43 2010eb
245 0 0 _aMedical response to terror threats
_h[electronic resource] /
_cedited by Aaron Richman, Shmuel C. Shapira and Yair Sharan.
260 _aWashington, D.C. :
_bIOS Press,
_c2010.
300 _axviii, 119 p. :
_bill.
490 1 _aNATO science for peace and security series. E, Human and societal dynamics,
_x1874-6276 ;
_vv. 65
500 _a"This book ... is based on the NATO Advanced Research Workshop that took place in Jerusalem, Israel, on December 7-9, 2008."--Pref.
504 _aIncludes bibliographical references and indexes.
533 _aElectronic reproduction.
_bPalo Alto, Calif. :
_cebrary,
_d2011.
_nAvailable via World Wide Web.
_nAccess may be limited to ebrary affiliated libraries.
650 0 _aTerrorism
_xHealth aspects.
650 0 _aEmergency management.
650 0 _aDisaster medicine.
655 7 _aElectronic books.
_2local
700 1 _aRichman, Aaron.
700 1 _aShapira, Shmuel C.
700 1 _aSharan, Yair.
710 2 _aebrary, Inc.
711 2 _aNATO Advanced Research Workshop
_d(2008 :
_cJerusalem)
830 0 _aNATO science for peace and security series.
_nE,
_pHuman and societal dynamics ;
_vv. 65.
856 4 0 _uhttp://site.ebrary.com/lib/rucke/Doc?id=10425035
_zAn electronic book accessible through the World Wide Web; click to view
999 _c239080
_d239080